Základom stratégie je vízia ďalšieho rozvoja firmy. 7

Škola strategického manažmentu. Význam vízie pre rozvoj podniku. Dosiahnuteľnosť, vyšší inovačný stupeň zmeny, osobná zainteresovanosť tvorcu vízie, hospodársky úspech, filozofia a vízia firmy. Vízia ako ústava firmy.

Gespeichert in:
Bibliographische Detailangaben
1. Verfasser: Tuma, Miroslav
Format: Buchkapitel
Sprache:Slowakisch
Schlagworte:
Tags: Tag hinzufügen
Keine Tags, Fügen Sie das erste Tag hinzu!

MARC

LEADER 00000naa a2200000 4500
001 r000221
005 20221213123315.9
041 0 |a slo 
044 |a SK 
245 1 0 |a Základom stratégie je vízia ďalšieho rozvoja firmy. 7  |c Miroslav Tuma 
520 |a Škola strategického manažmentu. Význam vízie pre rozvoj podniku. Dosiahnuteľnosť, vyšší inovačný stupeň zmeny, osobná zainteresovanosť tvorcu vízie, hospodársky úspech, filozofia a vízia firmy. Vízia ako ústava firmy. 
610 2 0 |a manažment strategický 
610 2 0 |a vízie 
610 2 0 |a stratégia podniková 
610 2 0 |a firmy 
610 2 0 |a podnik 
610 2 0 |a prognózy 
100 1 |a Tuma, Miroslav